Cesty k trhovému hospodárstvu Maďarsko, Poľsko, Nemecko, Juhoslávia

Salvato in:
Dettagli Bibliografici
Natura: Libro
Lingua:slovacco
Pubblicazione: Bratislava Ekonomický ústav SAV 1993
Edizione:1. vyd.
Soggetti:
Tags: Aggiungi Tag
Nessun Tag, puoi essere il primo ad aggiungerne!!

MARC

LEADER 00000nam a2200000 4500
001 c003154
005 20240213093018.9
020 |a 80-7144-006-X 
041 0 |a slo 
044 |a SK 
245 1 0 |a Cesty k trhovému hospodárstvu  |b Maďarsko, Poľsko, Nemecko, Juhoslávia  |c Red. Zora Komínková 
250 |a 1. vyd. 
264 1 |a Bratislava  |b Ekonomický ústav SAV  |c 1993 
300 |a 143 s. 
610 2 0 |a reformy hospodárske 
610 2 0 |a transformácia 
610 2 0 |a hospodárstvo trhové 
610 2 0 |a Maďarsko 
610 2 0 |a Poľsko 
610 2 0 |a východné Nemecko 
610 2 0 |a Juhoslávia 
610 2 0 |a Česko 
610 2 0 |a rozvoj hospodársky 
610 2 0 |a zmeny štruktúrne 
610 2 0 |a privatizácia 
610 2 0 |a reštrukturalizácia 
610 2 0 |a podnikanie 
610 2 0 |a podnik 
610 2 0 |a liberalizácia